Goya (Record no. 75040)

MARC details
000 -LEADER
campo de control de longitud fija 01058nam a2200241 i 4500
001 - NÚMERO DE CONTROL
campo de control 75040
003 - IDENTIFICADOR DE NÚMERO DE CONTROL
campo de control ES-MaACL
005 - FECHA Y HORA DE LA ÚLTIMA TRANSACCIÓN
campo de control 20250822062530.0
007 - CAMPO FIJO DE DESCRIPCIÓN FÍSICA--INFORMACIÓN GENERAL
campo de control de longitud fija t|
008 - DATOS DE LONGITUD FIJA--INFORMACIÓN GENERAL
campo de control de longitud fija 040922s1949 sp ||||1| spa d
100 1# - ENTRADA PRINCIPAL--NOMBRE DE PERSONA
Nombre de persona Goya, Francisco de,
Fechas asociadas al nombre 1746-1828
9 (RLIN) 240353
245 10 - MENCIÓN DEL TÍTULO
Título Goya
Resto del título : (cinco estudios) /
Mención de responsabilidad, etc. por José Camón Aznar...[et al.].
260 ## - PUBLICACIÓN, DISTRIBUCIÓN, ETC.
Lugar de publicación, distribución, etc. Zaragoza :
Nombre del editor, distribuidor, etc. Institución Fernando el Católico, Consejo Superior de Investigaciones Científicas :
-- Diputación Provincial de Zaragoza,
Fecha de publicación, distribución, etc. 1949.
300 ## - DESCRIPCIÓN FÍSICA
Extensión 123 p., 20 lám. ;
Dimensiones 27 cm.
505 8# - NOTA DE CONTENIDO CON FORMATO
Nota de contenido con formato Contiene: Goya y el arte moderno. Paret, de Goya coetaneo y dispar. Goya y el arte francés. Los niños en las obras de Goya. La música teatral en la época de Goya
600 14 - PUNTO DE ACCESO ADICIONAL DE MATERIA--NOMBRE DE PERSONA
Nombre de persona Goya, Francisco de,
Fechas asociadas al nombre 1746-1828
9 (RLIN) 240353
700 1# - ENTRADA AGREGADA--NOMBRE PERSONAL
Nombre de persona Camón Aznar, José,
Fechas asociadas al nombre 1898-1979
9 (RLIN) 34095
710 2# - ENTRADA AGREGADA--NOMBRE DE ENTIDAD CORPORATIVA
Nombre de entidad corporativa o nombre de jurisdicción como elemento de entrada Institución "Fernando el Católico"
9 (RLIN) 4721
710 1# - ENTRADA AGREGADA--NOMBRE DE ENTIDAD CORPORATIVA
Nombre de entidad corporativa o nombre de jurisdicción como elemento de entrada Zaragoza (Provincia).
Unidad subordinada Diputación Provincial.
9 (RLIN) 7585
852 ## - LOCALIZACIÓN
Ubicación ES-MaACL
Número de control de estantería D-7070
Sublocalización o colección R.30915
942 ## - ELEMENTOS DE ENTRADA SECUNDARIOS (KOHA)
Fuente del sistema de clasificación o colocación Clasificación decimal universal
Holdings
Estatus retirado Estado de pérdida Estado de daño No para préstamo Biblioteca de origen Biblioteca actual Ubicación en estantería Fecha de adquisición Fuente de adquisición Total de préstamos Signatura topográfica completa Código de barras Visto por última vez Precio de reemplazo Tipo de ítem Koha
        Biblioteca del Ateneo de Madrid Biblioteca del Ateneo de Madrid Sala Valle Inclán 17/01/2008     D-7070 901078545 23/02/2023 23/02/2023 Libro impreso